Logo BPK

Biblioteka

Politechniki Koszalińskiej

Vocabualaire illustrè : (Rekord nr 36275)

Szczegóły MARC
000 -ETYKIETA REKORDU
podpole kontrolne o stałej długości 00802nam a2200253 i 4500
001 - NUMER KONTROLNY REKORDU
pole kontrolne bg
020 ## - MIĘDZYNARODOWY ZNORMALIZOWANY NUMER KSIĄŻKI - ISBN
ISBN 201019862X
040 ## - ŹRÓDŁO KATALOGOWANIA
Instytucja, która utworzyła rekord BPK
041 0# - KOD JĘZYKA
Kod języka tekstu fr
080 ## - UNIWERSALNA KLASYFIKACJA DZIESIĘTNA - UKD
UKD 811.133.1'373(076)
920 ## - Międzynarodowy znormalizowany numer książki – ISBN
ISBN 2-01-019862-X
008 - POLE O STAŁEJ DŁUGOŚCI - DANE KONTROLNE
podpole kontrolne o stałej długości s pl f |000 0 pol
100 1# - NAZWA OSOBOWA
Nazwa osobowa FILPA-EKVALL, Dominique
245 10 - TYTUŁ/ODPOWIEDZIALNOŚĆ
Tytuł Vocabualaire illustrè :
Ciąg dalszy tytułu 350 exercices - Niveau dèbutant : corrigès /
Pozostałe elementy strefy tytułu i oznaczenia odpowiedzialności [Dominique Filpa-Ekvall, Francis Prouillac et Peter Watcyn-Jones].
260 ## - STREFA ADRESU WYDAWNICZEGO
Miejsce wydania Vanves :
Nazwa wydawcy/dystrybutora Hachette,
Data publikacji, dystrybucji/powstania dokumentu cop.1988.
300 ## - STREFA OPISU FIZYCZNEGO
Objętość 15, [1] s. :
Inne cechy fizyczne rys. ;
Rozmiary 25 cm.
490 1# - STREFA SERII I DOKUMENTU WIELOCZĘŚCIOWEGO - FORMA NIE DO WYSZUKIWANIA
Tytuł i oznaczenie odpowiedzialności serii Exerçons-nous,
ISSN 1142-768X
650 #9 - HASŁO PRZEDMIOTOWE W FORMIE NAZWY OGÓLNEJ LUB JEDNOSTKOWEJ
Nazwa ogólna lub geograficzna Język francuski
Określnik ogólny słownictwo
655 ## - TERMIN INDEKSOWY - OKREŚLENIE RODZAJU/FORMY DOKUMENTU
Określenie rodzaju/formy dokumentu Ćwiczenia i zadania
700 1# - HASŁO DODATKOWE - NAZWA OSOBOWA
Nazwa osobowa PROUILLAC, Francis
700 1# - HASŁO DODATKOWE - NAZWA OSOBOWA
Nazwa osobowa WATCYN-JONES, Peter
830 ## - HASŁO DODATKOWE SERII LUB DOKUMENTU WIELOCZĘŚCIOWEGO - TYTUŁ UJEDNOLICONY
Tytuł ujednolicony Exerçons-nous,
-- 1142-768X
942 ## - DODATKOWE ELEMENTY (KOHA)
Typ dokumentu Książka
Egzemplarze
Wycofany Status egzemplarza Uszkodzony Dostępność Lokalizacja stała Lokalizacja bieżąca Miejsce przechowywania Sygnatura Kod kreskowy Dział Typ dokumentu
      Tylko na miejscu Biblioteka Politechniki Koszalińskiej Biblioteka Politechniki Koszalińskiej Czytelnia Wydziałowa ul. Kwiatkowskiego 6e 50180 01431032 811.133.1 Język francuski Książka
© 2023 Biblioteka Politechniki Koszalińskiej :: KOHA